PIFs could boost urban regeneration (Record no. 117616)

MARC details
000 -LEADER
fixed length control field 01186cam a2200229 4500
001 - CONTROL NUMBER
control field WB4025-14
008 - FIXED-LENGTH DATA ELEMENTS--GENERAL INFORMATION
fixed length control field 040630n2004 000 0 eng u
035 ## - SYSTEM CONTROL NUMBER
System control number (Sirsi) u126644
245 ## - TITLE STATEMENT
Title PIFs could boost urban regeneration
260 ## - PUBLICATION, DISTRIBUTION, ETC.
Date of publication, distribution, etc. 2004
490 ## - SERIES STATEMENT
Series statement Planning (for the Natural and Built Environment)
Volume/sequential designation 1575, 25 June 2004 2(1)
520 ## - SUMMARY, ETC.
Summary, etc. According to the report "The future of the private rental market" produced by the Social Market Foundation, RICS and the British Property Federation; residential property investment funds (PIFs) could have a major impact on urban regeneration. It clams that PIFs could encourage developers to build high-density, high-rise, private apartment blocks, thereby increasing supply and make housing more affordable. The report can be purchased from the Social Market Foundation at http//www.smf.co.uk/site/smf/publications/privater ental, £20 (ISBN 1904899072.
590 ## - LOCAL NOTE (RLIN)
Local note WB
590 ## - LOCAL NOTE (RLIN)
Local note WB
650 ## - SUBJECT ADDED ENTRY--TOPICAL TERM
Topical term or geographic name entry element URBAN REGENERATION
650 ## - SUBJECT ADDED ENTRY--TOPICAL TERM
Topical term or geographic name entry element RESIDENTIAL PROPERTY INVESTMENT
650 ## - SUBJECT ADDED ENTRY--TOPICAL TERM
Topical term or geographic name entry element Affordable housing
9 (RLIN) 6215
650 ## - SUBJECT ADDED ENTRY--TOPICAL TERM
Topical term or geographic name entry element PRIVATE RENTED SECTOR
650 ## - SUBJECT ADDED ENTRY--TOPICAL TERM
Topical term or geographic name entry element PROPERTY INVESTMENT FUNDS
690 ## - LOCAL SUBJECT ADDED ENTRY--TOPICAL TERM (OCLC, RLIN)
Topical term or geographic name as entry element INVESTMENT
942 ## - ADDED ENTRY ELEMENTS (KOHA)
Suppress in OPAC 0
Holdings
Withdrawn status Lost status Source of classification or shelving scheme Damaged status Not for loan Home library Current library Shelving location Date acquired Total Checkouts Full call number Barcode Date last seen Copy number Price effective from Koha item type
    Dewey Decimal Classification     London London News article 30/06/2004   WB4025-14 126644-1001 06/08/2019 1 06/08/2019 News article